|
|
|
|
| LEADER |
01718nam a22003132a 4500 |
| 001 |
000461903 |
| 003 |
CZ BrMZK |
| 005 |
20260605093051.0 |
| 008 |
010907s1971 xr f cze d |
| 040 |
|
|
|a BOA001
|b cze
|c BOA001
|
| 100 |
1 |
|
|a Marek, Zdeněk
|7 jx20040902023
|4 aut
|
| 245 |
1 |
0 |
|a Improvizace klavírního doprovodu lidových písní pro posluchače pedagogických fakult - nehudební obor.
|n Díl 2, (Část praktická),
|p Výběr písní pro 1.-5. ročník ZDŠ /
|c Zdeněk Marek ; klavírní úprava Leoš Faltus
|
| 246 |
3 |
0 |
|a Výběr písní pro 1.-5. ročník ZDŠ
|
| 250 |
|
|
|a 1. vyd.
|
| 260 |
|
|
|a Brno :
|b Univerzita J.E. Purkyně,
|c 1971
|
| 300 |
|
|
|a 49 s.
|
| 490 |
1 |
|
|a Učební texty vysokých škol
|
| 700 |
1 |
|
|a Faltus, Leoš,
|d 1937-2024
|7 jn19981001032
|4 oth
|
| 810 |
2 |
|
|a Univerzita J.E. Purkyně v Brně.
|b Pedagogická fakulta.
|t Učební texty
|0 s
|
| 910 |
|
|
|a BOA001
|b X2-0672.543,2
|b PK-N-0013.976
|
| 920 |
|
|
|a 000618608
|
| 990 |
|
|
|a BK
|
| 996 |
7 |
|
|b 2618838062
|c X2-0672.543,2
|l MZK
|r Sklad / do 24 hodin
|n 0
|w 000461903
|u 000040
|a 1
|e BOA001
|j MZK50
|s A
|
| 996 |
6 |
|
|b 2618838063
|c X2-0672.543,2
|l MZK
|r Sklad / do 24 hodin
|n 0
|w 000461903
|u 000030
|a 1
|e BOA001
|j MZK50
|s P
|
| 996 |
7 |
|
|b 2619206455
|c X2-0672.543,2
|l MZK
|r Sklad / do 24 hodin
|n 1
|w 000461903
|u 000020
|a 1
|e BOA001
|j MZK50
|s A
|
| 996 |
7 |
|
|b 2619253934
|c X2-0672.543,2
|l MZK
|r Sklad / do 24 hodin
|n 1
|w 000461903
|u 000050
|a 1
|e BOA001
|j MZK50
|s A
|
| 996 |
7 |
|
|b 2619777816
|c X2-0672.543,2
|l MZK
|r Sklad / do 24 hodin
|n 3
|w 000461903
|u 000010
|a 1
|e BOA001
|j MZK50
|s A
|
| 996 |
7 |
|
|b 3119691634
|c PK-N-0013.976
|l MZK
|r Sklad / do 1 hodiny
|n 0
|w 000461903
|u 000060
|a 1
|e BOA001
|j MZK50
|s A
|
| 996 |
6 |
|
|b BC-45262
|c PK-N-0013.976
|l MZK
|r Sklad / do 1 hodiny
|n 0
|w 000461903
|u 000070
|a 1
|e BOA001
|j MZK50
|s P
|